Statistics for 9択自治体クイズ

Click here to take the quiz!

General Stats

  • This quiz has been taken 46 times
  • The average score is 37 of 45

Answer Stats

QuestionTileSelect% Correct
屋久島はもともと2つの自治体でした。北側の自治体の名前は?屋久島市No
95%
天草は現在3つの自治体です。最も東側の自治体の名前は?熊本市No
95%
天草は現在3つの自治体です。最も東側の自治体の名前は?アクサNo
95%
屋久島はもともと2つの自治体でした。北側の自治体の名前は?下屋久町No
95%
屋久島はもともと2つの自治体でした。北側の自治体の名前は?ヤクーツクNo
95%
天草は現在3つの自治体です。最も東側の自治体の名前は?天草町No
95%
屋久島はもともと2つの自治体でした。北側の自治体の名前は?下屋久市No
92%
屋久島はもともと2つの自治体でした。北側の自治体の名前は?北屋久村No
92%
屋久島はもともと2つの自治体でした。北側の自治体の名前は?上屋久市No
92%
天草は現在3つの自治体です。最も東側の自治体の名前は?八代市No
92%
四国は5つの県で構成されていました。当時の四国の県として正しいのは?四国県No
90%
天草は現在3つの自治体です。最も東側の自治体の名前は?苓北市No
90%
天草は現在3つの自治体です。最も東側の自治体の名前は?苓北町No
90%
四国は5つの県で構成されていました。当時の四国の県として正しいのは?岡山人民社会主義共和国蓮舫No
90%
屋久島はもともと2つの自治体でした。北側の自治体の名前は?北屋久町No
90%
利尻島は現在2つの自治体です。東側の自治体の名前は?富士町No
87%
利尻島は現在2つの自治体です。東側の自治体の名前は?稚内市No
87%
利尻島は現在2つの自治体です。東側の自治体の名前は?トビリシリNo
87%
沖永良部島は現在2つの自治体です。東側の自治体の名前は?東沖永良部町No
87%
利尻島は現在2つの自治体です。東側の自治体の名前は?鴛泊町No
87%
利尻島は現在2つの自治体です。東側の自治体の名前は?西利尻町No
87%
沖永良部島は現在2つの自治体です。東側の自治体の名前は?天城町No
87%
沖永良部島は現在2つの自治体です。東側の自治体の名前は?伊勢佐木長者町No
87%
天草は現在3つの自治体です。最も東側の自治体の名前は?上天草町No
85%
四国は5つの県で構成されていました。当時の四国の県として正しいのは?小豆県No
85%
屋久島はもともと2つの自治体でした。北側の自治体の名前は?屋久島町No
85%
利尻島は現在2つの自治体です。東側の自治体の名前は?東利尻町No
85%
利尻島は現在2つの自治体です。東側の自治体の名前は?鬼脇町No
85%
沖永良部島は現在2つの自治体です。東側の自治体の名前は?沖永良部富士町No
85%
沖永良部島は現在2つの自治体です。東側の自治体の名前は?海士町No
85%
天草は現在3つの自治体です。最も東側の自治体の名前は?天草市No
79%
沖永良部島は現在2つの自治体です。東側の自治体の名前は?沖永良部町No
77%
利尻島は現在2つの自治体です。東側の自治体の名前は?利尻町No
74%
屋久島はもともと2つの自治体でした。北側の自治体の名前は?上屋久町Yes
74%
沖永良部島は現在2つの自治体です。東側の自治体の名前は?伊仙町No
72%
利尻島は現在2つの自治体です。東側の自治体の名前は?利尻富士町Yes
72%
沖永良部島は現在2つの自治体です。東側の自治体の名前は?知名町No
69%
四国は5つの県で構成されていました。当時の四国の県として正しいのは?詫間県No
69%
四国は5つの県で構成されていました。当時の四国の県として正しいのは?室戸県No
69%
四国は5つの県で構成されていました。当時の四国の県として正しいのは?須崎県No
67%
四国は5つの県で構成されていました。当時の四国の県として正しいのは?宇和県No
64%
天草は現在3つの自治体です。最も東側の自治体の名前は?上天草市Yes
56%
四国は5つの県で構成されていました。当時の四国の県として正しいのは?新居浜県No
51%
四国は5つの県で構成されていました。当時の四国の県として正しいのは?名東県Yes
51%
沖永良部島は現在2つの自治体です。東側の自治体の名前は?和泊町Yes
41%

Score Distribution

Percentile by Number Answered

Percent of People with Each Score

Your Score History

You have not taken this quiz